Anthropology and migration: essay on transnationalism, etnicity, and identity
Gardado en:
| Autor Principal: | |
|---|---|
| Formato: | Libro |
| Idioma: | inglés |
| Publicado: |
Nueva York
Altamira Press
2003
|
| Subjects: | |
| Tags: |
Engadir etiqueta
Sen Etiquetas, Sexa o primeiro en etiquetar este rexistro!
|
MARC
| LEADER | 00000nam a2200000 a 4500 | ||
|---|---|---|---|
| 001 | UCI6236 | ||
| 003 | CL-VaPUC | ||
| 008 | 080425e20030000US |||||||||||||||||eng|d | ||
| 020 | |a 9780759103207 | ||
| 082 | 0 | 4 | |a 305.869 |b BRE |2 21 |
| 100 | |a Brettell, Caroline |e author |9 528967 | ||
| 245 | 1 | 0 | |a Anthropology and migration: essay on transnationalism, etnicity, and identity |
| 300 | |a 238 p | ||
| 942 | |c BK | ||
| 945 | |d 20080425 00:00:00 |a rbrito | ||
| 260 | |a Nueva York |b Altamira Press |c 2003 | ||
| 650 | 0 | |a Emigración |9 343094 | |
| 650 | 0 | |a Inmigración |9 268290 | |
| 650 | 0 | |a Etnología |9 258726 | |
| 650 | 0 | |a Identidad |9 336178 | |
| 650 | 0 | |a Migración |9 331531 | |
| 651 | 7 | |a PORTUGAL |2 CL-VaPUC |9 255007 | |
| 583 | |a last modification |c 20080425 00:00:00 |k Rodrigo Vera | ||
| 999 | |c 329766 |d 329764 | ||
| 952 | |0 0 |1 0 |4 0 |6 305_869000000000000_BRE_2003 |7 0 |8 A |9 414824 |a BIBHIS |b BIBHIS |d 2019-11-22 |i 4434234 |l 1 |o 305.869 BRE 2003 |p 4434234 |r 2025-01-20 |s 2022-10-20 |w 2019-11-22 |y BK |k HIS | ||